Fire Type Pokemon - Statistics

General Stats
  • This quiz has been taken 154 times
    151 since last reset
  • The average score is 43 of 101
Answer Stats
Pokemon Region % Correct
Charizard Gigantamax | Kanto | Mega
100%
Charmander Kanto
100%
Charmeleon Kanto
98%
Magmar Kanto
84%
Moltres Kanto
84%
Blaziken Hoenn | Mega
78%
Arcanine Hisui | Kanto
76%
Torchic Hoenn
76%
Ponyta Kanto
74%
Growlithe Hisui | Kanto
73%
Cyndaquil Johto
72%
Rapidash Kanto
72%
Typhlosion Hisui | Johto
71%
Quilava Johto
70%
Flareon Kanto
68%
Magby Johto
68%
Ninetales Kanto
68%
Vulpix Kanto
68%
Chimchar Sinnoh
64%
Combusken Hoenn
63%
Infernape Sinnoh
63%
Magmortar Sinnoh
60%
Ho-Oh Johto
59%
Entei Johto
58%
Camerupt Hoenn | Mega
56%
Slugma Johto
55%
Emboar Unova
54%
Tepig Unova
53%
Magcargo Johto
51%
Monferno Sinnoh
51%
Numel Hoenn
50%
Torkoal Hoenn
49%
Houndoom Johto | Mega
46%
Chandelure Unova
44%
Houndour Johto
43%
Incineroar Alola
42%
Heatran Sinnoh
41%
Litten Alola
41%
Litwick Unova
41%
Groudon Mega
40%
Pignite Unova
40%
Delphox Kalos
37%
Victini Unova
35%
Reshiram Unova
34%
Lampent Unova
33%
Fennekin Kalos
32%
Pansear Unova
32%
Darumaka Unova
31%
Simisear Unova
31%
Braixen Kalos
30%
Talonflame Kalos
30%
Darmanitan Galar | Unova
29%
Fuecoco Paldea
29%
Heatmor Unova
29%
Scorbunny Galar
29%
Torracat Alola
29%
Volcarona Unova
27%
Pyroar Kalos
26%
Litleo Kalos
25%
Arceus Sinnoh
24%
Marowak Alola
24%
Skeledirge Paldea
24%
Cinderace Galar | Gigantamax
23%
Raboot Galar
23%
Larvesta Unova
22%
Crocalor Paldea
21%
Fletchinder Kalos
21%
Rotom Sinnoh
21%
Volcanion Kalos
21%
Salazzle Alola
19%
Centiskorch Galar | Gigantamax
18%
Salandit Alola
18%
Turtonator Alola
18%
Coalossal Galar | Gigantamax
15%
Castform Hoenn
14%
Armarouge Paldea
13%
Blacephalon Alola
13%
Ceruledge Paldea
13%
Charcadet Paldea
13%
Carkol Galar
12%
Oricorio Alola
12%
Sizzlipede Galar
12%
Scovillain Paldea
11%
Iron Moth Paldea
10%
Silvally Alola
10%
Tauros Paldea
10%
Gouging Fire Paldea
8%
Ogerpon Paldea
6%
Chi-Yu Paldea
4%
No matching quizzes found
Score Distribution
Percent of People with Each Score
Percentile by Number Answered
Your Score History
You have not taken this quiz since the last reset